|
|
|
|
| LEADER |
01567cas a2200241 a 4500 |
| 001 |
AALejournalIMF007461 |
| 008 |
230101c9999 xx r poo 0 0eng d |
| 020 |
|
|
|c 5.00 USD
|
| 020 |
|
|
|z 9781451841602
|
| 022 |
|
|
|a 1018-5941
|
| 040 |
|
|
|a BD-DhAAL
|c BD-DhAAL
|
| 100 |
1 |
|
|a Gerson, Philip.
|
| 245 |
1 |
4 |
|a The Impact of Fiscal Policy Variables on Output Growth /
|c Philip Gerson.
|
| 264 |
|
1 |
|a Washington, D.C. :
|b International Monetary Fund,
|c 1998.
|
| 300 |
|
|
|a 1 online resource (74 pages)
|
| 490 |
1 |
|
|a IMF Working Papers
|
| 500 |
|
|
|a <strong>Off-Campus Access:</strong> No User ID or Password Required
|
| 500 |
|
|
|a <strong>On-Campus Access:</strong> No User ID or Password Required
|
| 506 |
|
|
|a Electronic access restricted to authorized BRAC University faculty, staff and students
|
| 520 |
3 |
|
|a This paper surveys the theoretical and empirical literature on the relationship between taxation and public expenditure and economic growth. Particular attention is paid to the effect of taxation and government expenditure on the supply and productivity of labor and physical capital. Studies suggest that well-targeted government expenditures on health, education, and infrastructure should have a positive impact on growth. By contrast, the impact of taxation on the supplies of labor and capital, and on output growth, is more muted.
|
| 538 |
|
|
|a Mode of access: Internet
|
| 830 |
|
0 |
|a IMF Working Papers; Working Paper ;
|v No. 1998/001
|
| 856 |
4 |
0 |
|z Full text available on IMF
|u http://elibrary.imf.org/view/journals/001/1998/001/001.1998.issue-001-en.xml
|z IMF e-Library
|